Library Banner

The impersonal campus: (Record no. 129331)

MARC details
000 -LEADER
fixed length control field 00625nam a2200205Ia 4500
001 - CONTROL NUMBER
control field 22567
003 - CONTROL NUMBER IDENTIFIER
control field PK-LaUMT
005 - DATE AND TIME OF LATEST TRANSACTION
control field 20221026171727.0
008 - FIXED-LENGTH DATA ELEMENTS--GENERAL INFORMATION
fixed length control field 140409s9999 xx 000 0 und d
020 ## - INTERNATIONAL STANDARD BOOK NUMBER
International Standard Book Number 0-87589-359-7
040 ## - CATALOGING SOURCE
Transcribing agency PK-LaUMT
082 ## - DEWEY DECIMAL CLASSIFICATION NUMBER
Classification number 378.1
Item number SMI-I
100 ## - MAIN ENTRY--PERSONAL NAME
Personal name Alison R. Burnstein
245 #4 - TITLE STATEMENT
Title The impersonal campus:
Remainder of title options for reorganizing colleges to increase student involvement, learning
Statement of responsibility, etc Alison R. Burnstein<>Virginia B. Smith
260 ## - PUBLICATION, DISTRIBUTION, ETC. (IMPRINT)
Place of publication, distribution, etc San Francisco,UK:
Name of publisher, distributor, etc Jossey-Bass Publishers,
Date of publication, distribution, etc 1979
300 ## - PHYSICAL DESCRIPTION
Extent 137 p.
546 ## - LANGUAGE NOTE
Language note EN
700 ## - ADDED ENTRY--PERSONAL NAME
Personal name Virginia B. Smith
942 ## - ADDED ENTRY ELEMENTS (KOHA)
Koha item type Stocktaking Record 2001
Source of classification or shelving scheme Dewey Decimal Classification
Holdings
Withdrawn status Lost status Source of classification or shelving scheme Damaged status Not for loan Home library Current library Date acquired Total Checkouts Full call number Barcode Date last seen Price effective from Koha item type
    Dewey Decimal Classification     UMT Main Campus UMT Main Campus 2022-10-26   378.1 SMI-I 3358 2022-10-26 2022-10-26 Stocktaking Record 2001